Planning for refugees in Zambia (Record no. 21493)
[ view plain ]
| 000 -LEADER | |
|---|---|
| fixed length control field | 00312pab a2200121 454500 |
| 008 - FIXED-LENGTH DATA ELEMENTS--GENERAL INFORMATION | |
| fixed length control field | 180718b xxu||||| |||| 00| 0 eng d |
| 100 ## - MAIN ENTRY--PERSONAL NAME | |
| Personal name | Black, Richard |
| 245 ## - TITLE STATEMENT | |
| Title | Planning for refugees in Zambia |
| 650 ## - SUBJECT ADDED ENTRY--TOPICAL TERM | |
| Topical term or geographic name entry element | Refugees - Zambia |
| 700 ## - ADDED ENTRY--PERSONAL NAME | |
| Personal name | Mabwe, Thomas |
| 773 ## - HOST ITEM ENTRY | |
| Main entry heading | Third World Planning Review |
| 909 ## - | |
| -- | 21493 |
| Withdrawn status | Lost status | Damaged status | Not for loan | Permanent Location | Current Location | Date acquired | Serial Enumeration / chronology | Barcode | Date last seen | Price effective from | Koha item type |
|---|---|---|---|---|---|---|---|---|---|---|---|
| Indian Institute of Public Administration | Indian Institute of Public Administration | 2018-07-19 | Issue no: 14(1) Feb 92, p.1-20 | AR21562 | 2018-07-19 | 2018-07-19 | Articles |
